Missing Word: Entertainment 'I' Quiz Stats

 Plays Quiz Updated Jan 17, 2019

Challenge
Share
Tweet
Embed
Score 0/20 Timer 04:00
5 Plays Today
Hint Answer % Correct
MovieImpossible
99.1%
MovieIndiana
98.6%
BookIron
95.5%
MovieInglorious
91.5%
MusicalInto
89.9%
AlbumIke
88.9%
BookInterview
86.6%
AlbumIt's
79.9%
MovieInternal
77.2%
BookIceman
74%
Hint Answer % Correct
BookInfluence
72.3%
MovieIndemnity
72%
AlbumIll
56%
MusicalInch
54.3%
AlbumIdiot
54.3%
MusicalIsland
39.3%
BookInfinite
34.9%
MusicalImagine
27.3%
AlbumInnocence
25.1%
MusicalImportance
17.7%

Today's Daily Dose

You're not logged in!

Compare scores with friends on all Sporcle quizzes.
OR
Log In

You Might Also Like...

Show Comments

Extras

Top Quizzes Today


Score Distribution

Your Account Isn't Verified!

In order to create a playlist on Sporcle, you need to verify the email address you used during registration. Go to your Sporcle Settings to finish the process.

Report this User

Report this user for behavior that violates our Community Guidelines.

Details: